Statistics for Main bones of the body

Click here to take the quiz!

General Stats

  • This quiz has been taken 36 times
  • The average score is 12 of 21

Answer Stats

HintAnswer% Correct
strongest bone, legfemur
88%
Centre of the chestSternum
88%
inside leg boneTibia
88%
knee bonePatella
85%
Like a cageRibs
85%
Outside of the armUlna
82%
CollarboneClavicle
76%
JawMandible
76%
hip areapelvis
76%
outside leg bonefibula
74%
HeadCranium
71%
Inside of the armRadius
71%
Toe bonesPhalanges, tarsals. metatarsals
65%
Finger bonesPhalanges, carples, metacarples
62%
also genital arecoccyx
44%
Funny boneHumerous
32%
genital areasaccrum
15%
Heel bonecalcanius
3%
top spineCervicle Vertabrae
0%
bottom spineLumar Vertabrae
0%
middle spineThoracic Vertabrae
0%

Score Distribution

Percentile by Number Answered

Percent of People with Each Score

Your Score History

You have not taken this quiz